|
|
|
|
| LEADER |
01090nam a2200289 a 4500 |
| 001 |
000456912 |
| 003 |
CZ BrMZK |
| 005 |
19990305143423.0 |
| 007 |
ta |
| 008 |
990305s1991 xr f cze d |
| 015 |
|
|
|a cnb000071647
|
| 035 |
|
|
|a (OCoLC)39569435
|
| 040 |
|
|
|a BOA001
|b cze
|
| 080 |
|
|
|a 355(075.8)
|2 MRF
|
| 080 |
|
|
|a 615.9(075.8)
|2 MRF
|
| 100 |
1 |
|
|a Bajgar, Jiří,
|d 1944-
|7 js20020122033
|4 aut
|
| 245 |
1 |
0 |
|a Vojenská toxikologie /
|c Jiří Bajgar, Josef Fusek, Vratislav Hrdina.
|
| 260 |
|
|
|a Hradec Králové :
|b Vojenská lékařská akademie J.E. Purkyně,
|c 1991
|
| 300 |
|
|
|a 266 s.
|
| 490 |
1 |
|
|a Učební texty Vojenské lékařské akademie J. E. Purkyně v Hradci Králové ;
|v sv. 260
|
| 500 |
|
|
|a Bibliogr.
|
| 700 |
1 |
|
|a Fusek, Josef,
|d 1945-
|7 nlk20000076283
|4 aut
|
| 700 |
1 |
|
|a Hrdina, Vratislav,
|d 1926-2010
|7 xx0019983
|4 aut
|
| 830 |
|
0 |
|a Učební texty Vojenské lékařské akademie J. E. Purkyně v Hradci Králové
|
| 910 |
|
|
|a BOA001
|b 2-0982.455
|
| 990 |
|
|
|a BK
|
| 996 |
6 |
|
|b 2619781982
|c 2-0982.455
|l MZK
|r Sklad / do 1 hodiny
|n 24
|w 000456912
|u 000010
|a 1
|e BOA001
|j MZK50
|s P
|